000
00228nam a2200097Ia 4500
008
170619s9999 xx 000 0 und d
100
_a
robbins s p
245
0
_a
organizational behaviour
260
_b
PEARSON EDU. DELHI
260
_c
2009
546
_a
ENGLISH
999
_c
23085
_d
23085